Czy zgadniesz kierowców F1 po podpowiedziach? - Statystyki

Ogólne statystyki
  • Ten quiz został rozwiązany 309 razy
    285 od ostatniego zresetowania
  • Średni wynik to 10 z 19
Statystyki odpowiedzi
Hint Odpowiedź % Poprawnych
Jedyny Polak w historii F1 Robert Kubica
98%
Najmłodszy zwycięzca wyścigu F1 Max Verstappen
82%
Dwukrotny hiszpański mistrz w latach 2005-2006 Fernando Alonso
75%
Tor w Montrealu nosi imię jego ojca Jacques Villeneuve
64%
Najmłodszy zdobywca 4 mistrzostw świata z rzędu Sebastian Vettel
64%
Jako pierwszy zdobył 100 pole position Lewis Hamilton
63%
Pierwszy Duńczyk na Pole Position w F1 Kevin Magnussen
61%
Ostatni mistrz świata w barwach Scuderia Ferrari Kimi Raikkonen
60%
Przez cały sezon 2002 stał na podium Michael Schumacher
60%
Pierwszy mistrz świata F1 Giuseppe Farina
59%
Najwięcej razy zwyciężał w Monako - 6 Ayrton Senna
55%
Dowiózł zwycięstwo Mclarena po raz pierwszy od 11 lat Daniel Ricciardo
44%
Zdobył mistrzostwo świata wygrywając tylko jeden wyścig w sezonie Keke Rosberg
44%
Wygrał mistrzostwo świata w roku 1976 o zaledwie punkt James Hunt
43%
Pierwszy raz od 2016 roku nie dokończył swojego sezonu debiutanckiego Nyck de Vries
40%
Pierwszy Francuz który stał na podium w GP Monako od 1996 Esteban Ocon
36%
Jedyny pośmiertny mistrz świata F1 Jochen Rindt
34%
Zwycięzca najbardziej chaotycznego wyścigu F1 - 3 kierowców przekroczyło linię mety Olivier Panis
29%
Zdobywca pierwszego zwycięstwa dla zespołu Jordan GP - Belgia 1998 Damon Hill
23%
Nie znaleziono quizów pasujących do podanych kryteriów
Rozkład punktacji
Procent ludzi z każdym wynikiem
Percentyl według liczby udzielonych odpowiedzi
Twoja historia wyników
Nie rozwiązałeś tego quizu od ostatniego zresetowania